00985cam a2200265 a 450000100100000000500170001000800410002703500190006803500180008704000420010508200160014710000480016324500560021126000310026730000210029849000210031960000680034065000540040865000540046283000290051691000280054504900090057395201200058299900170070200001736220200929165106.0720410s1966 sp 000 pbspa d a(DLC) 68052773 a(OCoLC)279773 aDO-SdBNPbspacOAUdOCoLCdDLCdBNPHU a861.6bO87A1 aAlarcos Llorach, Emilio,b1922-1998.93801813aLa poesía de Blas de Otero /cE. Alarcos Llorach. aSalamanca :bAnaya,c1966. a154 p. ;c19 cm.1 aTemas y estudios10aOTERO, BLAS DE,d1916-1979xCRÍTICA E INTERPRETACIÓN938019 4aPoesía españolasxHistoria y crítica938020 4aLiteratura españolaxHistoria y crítica93904 0aTemas y estudios.925273 aCatalogación derivada aBNGR 001054708MOaGRbGRcCTd2010-03-23iLF1l0o861.6 O87Ap17362-10r2020-06-25w2020-06-25y4ZPréstamo en sala c16887d16887